000 00499nam a2200181Ia 4500
005 20250508162711.0
008 008 250505s9999 xx 000 0 hin d
037 _aTextual
040 _aFEDL
_beng
_cFEDL
041 _ahin
_2hin
084 _aB, RAM
_qFEDL
100 _aMahadevan T M P
245 0 _aRamkrishan
260 _aNew Delhi, India
_bNational Council of Educational Research and Training
_c1973
300 _a66p.
942 _cTEXL
_hB, RAM
999 _c1378136
_d1378136